000 00490nam a22001697a 4500
005 20251108175818.0
008 250721s2020 xx 000 0 ara d
082 1 4 _a658.409/عبو
100 1 _aعبوي، زيد منير
245 1 0 _aالمهارات الوظيفية /
264 1 _aعمان :
_bدار المعتز للنشر،
_c2020.
300 _a189ص.
650 1 7 _aادارة الاعمال
650 1 7 _aمهارات الاتصال
942 _2ddc
_cBK
999 _c143015
_d143015